[Event "Verbandsliga Nordbaden 2223"]
[Site "Germany"]
[Date "2022.12.04"]
[Round "4.7"]
[White "Novikova, Margarita"]
[Black "Neiwert, Nick"]
[Result "1/2-1/2"]
[WhiteElo "2015"]
[BlackElo "1932"]
[PlyCount "58"]
[EventDate "2022.09.25"]
[EventType "team-tourn"]
[EventRounds "9"]
[EventCountry "GER"]
[SourceTitle "EXT 2024"]
[Source "ChessBase"]
[SourceDate "2023.10.10"]
[SourceVersion "1"]
[SourceVersionDate "2023.10.10"]
[SourceQuality "1"]
[WhiteTeam "Bad Mergentheim II"]
[BlackTeam "Pforzheim"]
[WhiteTeamCountry "GER"]
[BlackTeamCountry "GER"]

1. d4 d5 2. Nf3 Nf6 3. Bf4 c5 4. c3 Nc6 5. e3 Qb6 6. Qb3 c4 7. Qxb6 axb6 8. Na3 e5 9. Nb5 Ra5 10. Nd6+ Bxd6 11. dxe5 Nh5 12. exd6 Nxf4 13. exf4 Be6 14. Be2 Kd7 15. 0-0 Rha8 16. a3 Rb5 17. b4 d4 18. a4 Rf5 19. b5 Na5 20. Nxd4 Rxf4 21. g3 Rxd4 22. cxd4 Nb3 23. d5 Bh3 24. Bxc4 Bxf1 25. Bxb3 Bxb5 26. Re1 Bxa4 27. Re7+ Kxd6 28. Rxb7 Bxb3 29. Rxb6+ Kxd5 1/2-1/2

[Event "Baden-Alsace"]
[Site "Karlsruhe"]
[Date "2018.09.16"]
[Round "1.31"]
[White "Lose Schranckenmuller, Daniele"]
[Black "Neiwert, Nick"]
[Result "0-1"]
[WhiteElo "1557"]
[BlackElo "1828"]
[PlyCount "106"]
[EventDate "2018.09.16"]
[EventType "team-match"]
[EventRounds "1"]
[EventCountry "GER"]
[SourceTitle "EXT 2019"]
[Source "ChessBase"]
[SourceDate "2018.10.10"]
[SourceVersion "1"]
[SourceVersionDate "2018.10.10"]
[SourceQuality "1"]
[WhiteTeam "Alsace"]
[BlackTeam "Baden"]
[WhiteTeamCountry "FRA"]
[BlackTeamCountry "GER"]

1. d4 Nf6 2. Nf3 e6 3. Bf4 c5 4. e3 d5 5. c3 Bd6 6. Bxd6 Qxd6 7. Nbd2 Nc6 8. Bd3 a6 9. Qe2 cxd4 10. exd4 b5 11. Ne5 b4 12. 0-0 bxc3 13. bxc3 0-0 14. Rab1 Qc7 15. f4 Na5 16. Qe3 Bd7 17. Qh3 g6 18. Ndf3 Kg7 19. g4 Bb5 20. Bxb5 axb5 21. g5 Nh5 22. Nd2 Rfc8 23. Rf3 Nc4 24. Nb3 Rxa2 25. Nc5 Nd2 26. Rf2 Nxb1 27. Rxa2 Nxc3 28. Rc2 b4 29. Qf3 Qa5 30. Ned3 Rb8 31. Qe3 Qc7 32. Nxb4 Rxb4 33. Qxc3 Rb1+ 34. Rc1 Rxc1+ 35. Qxc1 Qxf4 36. Qxf4 Nxf4 37. Kf2 h6 38. h4 hxg5 39. hxg5 Kf8 40. Kf3 Nh5 41. Kg4 Ng7 42. Nd3 Nf5 43. Kf4 Ke7 44. Kg4 Ne3+ 45. Kf4 Nc4 46. Nc5 f6 47. gxf6+ Kxf6 48. Nd7+ Ke7 49. Nc5 Nd6 50. Kg5 Ne4+ 51. Nxe4 dxe4 52. Kf4 Kd6 53. Kxe4 g5 0-1

[Event "Baden-ch U2000"]
[Site "Walldorf"]
[Date "2017.07.28"]
[Round "4"]
[White "Martus, Juergen"]
[Black "Neiwert, Nick"]
[Result "1/2-1/2"]
[WhiteElo "1968"]
[BlackElo "1747"]
[PlyCount "97"]
[EventDate "2017.07.26"]
[EventType "swiss"]
[EventRounds "7"]
[EventCountry "GER"]
[SourceTitle "EXT 2018"]
[Source "ChessBase"]
[SourceDate "2017.10.13"]
[SourceVersion "1"]
[SourceVersionDate "2017.10.13"]
[SourceQuality "1"]

1. d4 d5 2. Nf3 Nf6 3. e3 e6 4. Bd3 c5 5. c3 Nbd7 6. 0-0 Bd6 7. Nbd2 0-0 8. Re1 e5 9. e4 Qc7 10. exd5 exd4 11. cxd4 cxd4 12. Ne4 Nxe4 13. Rxe4 Ne5 14. Nxe5 Bxe5 15. Qh5 f5 16. Rh4 g6 17. Qf3 Qe7 18. g3 Bf6 19. Rh3 Qe1+ 20. Kg2 Bg5 21. Qe2 Qxe2 22. Bxe2 f4 23. g4 h5 24. f3 Re8 25. Kf2 hxg4 26. fxg4 Rxe2+ 27. Kxe2 Bxg4+ 28. Rf3 d3+ 29. Kf2 Bh4+ 30. Kg2 Bxf3+ 31. Kxf3 g5 32. Kg4 Bf2 33. Bd2 Rd8 34. Kxg5 Be3 35. Rd1 Rxd5+ 36. Kg4 Re5 37. Bc3 Rd5 38. Kf3 d2 39. Ke4 Rd6 40. h4 Kh7 41. Kf3 Kg6 42. Kg4 Rd5 43. a3 a5 44. Bh8 b5 45. Bc3 Rc5 46. Bxa5 Rc1 47. Rxd2 Bxd2 48. Bxd2 Rc2 49. Bc3 1/2-1/2